Discographie de David Bowie - Statistiques

Statistiques générales
  • Ce quiz a été pris 167 fois
  • Le résultat moyen est 14 sur 27
Statistiques - réponses
Année Album % Correct
1972 The Rise and Fall of Ziggy Stardust and the Spiders from Mars
92%
2016 Blackstar
82%
1977 "Heroes"
75%
1969 Space Oddity
72%
1983 Let's Dance
71%
1973 Aladdin Sane
70%
1967 David Bowie
67%
1977 Low
63%
1970 The Man Who Sold the World
61%
1971 Hunky Dory
60%
1976 Station to Station
53%
1980 Scary Monsters (and Super Creeps)
50%
1975 Young Americans
50%
1979 Lodger
47%
1974 Diamonds Dogs
43%
1973 Pin Ups
42%
2002 Heathen
40%
2003 Reality
40%
2013 The Next Day
40%
1995 1. Outside
37%
1997 Earthling
37%
1984 Tonight
37%
1999 'hours...'
32%
1987 Never Let Me Down
32%
2021 Toy
27%
1993 Black Tie White Noise
25%
1993 The Buddha of Suburbia
25%
Aucun quiz correspondant
Distribution des résultats
% des personnes avec chaque résultat
Percentile par nombre de réponses
Votre historique - résultats
Vous n’avez pas pris ce quiz